000 00925nam a22002772a 4500
001 15956
003 BD-RjUL
005 20211208235923.0
008 140211s20051985nyua b 001 0 eng d
020 _a0070158282
035 _a(BD-RjUL)16011
040 _aDLC
_cDLC
_dBD-RjUL
_beng
041 _aeng
082 _a658.4038
_219
_bDAM 2005
100 1 _aDavis, Gordon Bitter.
_949436
245 1 0 _aManagement information systems: conceptual foundations, structure, and development /
_cby Gordon B. Davis, Margrethe H. Olson.
250 _a2nd. ed.
260 _aNew York :
_bMcGraw-Hill,
_cc1985,
_c[reprint 2005].
300 _aix, 693 p. :
_billus. ;
_c24 cm
504 _aIncludes bibliographies
650 0 _aManagement information systems
_91330
700 _aOlson, Margrethe H.
_9119626
830 0 _aMcGraw-Hill series in management information systems
_9119627
942 _2ddc
_cBK
_04
999 _c15956
_d15956